Journal of Reliable Intelligent Environments (Запис № 455452)

МАРК-запис
000 -LEADER
fixed length control field 03667nas a22003975i 4500
001 - CONTROL NUMBER
control field 2199-4676
003 - CONTROL NUMBER IDENTIFIER
control field DE-He213
005 - DATE AND TIME OF LATEST TRANSACTION
control field 20200203193015.0
007 - PHYSICAL DESCRIPTION FIXED FIELD--GENERAL INFORMATION
fixed length control field cr nn 008mamaa
008 - FIXED-LENGTH DATA ELEMENTS--GENERAL INFORMATION
fixed length control field 150723s||||||||gw uu poo|||||| b|EN |d
022 ## - INTERNATIONAL STANDARD SERIAL NUMBER
International Standard Serial Number 2199-4676
024 7# - OTHER STANDARD IDENTIFIER
Standard number or code 40860
Source of number or code local
210 10 - ABBREVIATED TITLE
Abbreviated title J Reliable Intell Environ
245 10 - TITLE STATEMENT
Title Journal of Reliable Intelligent Environments
Medium [electronic resource] /
Statement of responsibility, etc edited by Juan Carlos Augusto, Antonio Coronato.
264 #1 -
-- Cham :
-- Springer International Publishing :
-- Imprint: Springer.
300 ## - PHYSICAL DESCRIPTION
Other physical details online resource.
520 ## - SUMMARY, ETC.
Summary, etc “Intelligent Environments (IEs)” is growing fast as a multi-disciplinary field allowing many areas of research to have a real beneficial influence in our society. The basic idea behind these systems is that by enriching an environment with technology (sensors, processors, actuators, information terminals, and other devices interconnected through a network), a system can be built such that based on the real-time information gathered and the historical data accumulated, decisions can be taken to benefit the users of that environment. Expected benefits of this technology can be: (a) increasing safety (e.g., by monitoring lifestyle patterns or the latest activities and providing assistance when a possibly harmful situation is developing), (b) comfort (e.g., by adjusting temperature automatically), and (c) economy (e.g., controlling the use of lights). The Journal on Reliable Intelligent Environments focuses on theoretical developments and lessons learnt on the deployment of IEs.  The broad areas represented in the journal reflect the fact that reliability of software systems is the result of a number of approaches combined so an overarching principle of our publication will be to be open and flexible to embrace all type of techniques which can increase confidence in Intelligent Environments systems: selection, installation and calibration of equipment deployment and maintenance problems requirements modeling simulation testing validation formal verification people-centred computing tools pilots design software development process security privacy usability safety performance quality of service large-scale integration scalability adaptiveness and autonomicity.
650 #0 - SUBJECT ADDED ENTRY--TOPICAL TERM
Topical term or geographic name as entry element Computer software
General subdivision Reusability.
650 #0 - SUBJECT ADDED ENTRY--TOPICAL TERM
Topical term or geographic name as entry element Software engineering.
650 #0 - SUBJECT ADDED ENTRY--TOPICAL TERM
Topical term or geographic name as entry element User interfaces (Computer systems).
650 #0 - SUBJECT ADDED ENTRY--TOPICAL TERM
Topical term or geographic name as entry element Health informatics.
650 14 - SUBJECT ADDED ENTRY--TOPICAL TERM
Topical term or geographic name as entry element Performance and Reliability.
-- http://scigraph.springernature.com/things/product-market-codes/I12077
650 24 - SUBJECT ADDED ENTRY--TOPICAL TERM
Topical term or geographic name as entry element Software Engineering/Programming and Operating Systems.
-- http://scigraph.springernature.com/things/product-market-codes/I14002
650 24 - SUBJECT ADDED ENTRY--TOPICAL TERM
Topical term or geographic name as entry element Artificial Intelligence.
-- http://scigraph.springernature.com/things/product-market-codes/I21000
650 24 - SUBJECT ADDED ENTRY--TOPICAL TERM
Topical term or geographic name as entry element Simulation and Modeling .
-- http://scigraph.springernature.com/things/product-market-codes/I19000
650 24 - SUBJECT ADDED ENTRY--TOPICAL TERM
Topical term or geographic name as entry element User Interfaces and Human Computer Interaction.
-- http://scigraph.springernature.com/things/product-market-codes/I18067
650 24 - SUBJECT ADDED ENTRY--TOPICAL TERM
Topical term or geographic name as entry element Health Informatics.
-- http://scigraph.springernature.com/things/product-market-codes/I23060
700 1# - ADDED ENTRY--PERSONAL NAME
Personal name Augusto, Juan Carlos.
Relator term editor.
Relator code edt
-- http://id.loc.gov/vocabulary/relators/edt
700 1# - ADDED ENTRY--PERSONAL NAME
Personal name Coronato, Antonio.
Relator term editor.
Relator code edt
-- http://id.loc.gov/vocabulary/relators/edt
710 2# - ADDED ENTRY--CORPORATE NAME
Corporate name or jurisdiction name as entry element SpringerLink (Online service)
776 08 - ADDITIONAL PHYSICAL FORM ENTRY
Display text Printed version:
International Standard Serial Number 2199-4668
856 40 - ELECTRONIC LOCATION AND ACCESS
Uniform Resource Identifier <a href="http://link.springer.com/journal/40860">http://link.springer.com/journal/40860</a>
Public note Hybrid
942 ## - ADDED ENTRY ELEMENTS (KOHA)
Koha item type ЕЖурнал

Немає доступних примірників.